| 000 | 01532nam a22003257a 4500 | ||
|---|---|---|---|
| 999 |
_c21481 _d21481 |
||
| 003 | AR-CdUCM | ||
| 008 | 190228b ||||| |||| 00| 0 spa d | ||
| 020 | _a9789972513244 | ||
| 040 |
_aMUNICIPALIDAD PROVINCIAL DEL CUSCO _cBIBLIOTECA MUNICIPAL DEL CUSCO |
||
| 082 |
_a305.42/R84 _bR84 |
||
| 100 |
_aRousseau, Stéphanie _944973 |
||
| 245 |
_aMujeres y ciudadanía : _blas paradojas del neopopulismo en el Perú / _cStéphanie Rousseau ; traducción de Aroma de la Cadena |
||
| 260 |
_aLima : _bInstituto de Estudios Peruanos, _c2012. |
||
| 300 |
_a286 páginas. : _c21 cm. |
||
| 440 |
_aSerie Lecturas contemporáneas, _n15. _944974 |
||
| 500 | _zBibliografía: p. [245]-286. | ||
| 505 | _aContenido: El neopopulismo y la ciudadanía de las mujeres en Latinoamérica -- El Perú de Fujimori -- La adopción de criterios de género en la política pública -- El rol del feminismo: entre movimiento y ONG -- Organización de las mujeres en las barriadas. La cooptación del Estado y el agotamiento de la solidaridad -- El ingreso a la esfera política hegemónica. Las mujeres como representantes elegidas. | ||
| 650 |
_aFeminismo _94003 |
||
| 650 |
_aParticipación de la mujer _944966 |
||
| 650 |
_aMujeres _93760 |
||
| 650 |
_aPopulismo _944975 |
||
| 650 |
_aAspectos sociales _9262 |
||
| 650 |
_aActividad política _99761 |
||
| 650 |
_aPolítica y gobierno _92693 |
||
| 650 |
_a1990-2000 _95307 |
||
| 650 |
_aPerú _944976 |
||
| 710 |
_aInstituto de Estudios Peruanos _936 |
||
| 942 |
_2ddc _cLIBROS |
||
| 945 | _aRoel | ||